000 00669nam a2200229 a 4500
001 BRCA_4259
005 20190320204614.0
008 150610s1946----u--#######---#000-0#eng-#
041 _aeng
044 _au
050 4 _aPZ3
_b.W38 1946
100 1 _aWaugh, Evelyn
_910984
245 1 0 _aBrideshead Revisited
_bthe Sacred and Profane Memories of Captain Charles Ryder
_ca novel by Evelyn Waugh.
260 _aBoston
_bLittle, Brown
_c1946
300 _a351 p.
_c20 cm.
500 _aEstado fĂ­sico: Camisa deteriorada
500 _aAM72
650 1 4 _aLiteratura estadounidense
_910985
650 1 4 _aNovela
_zEstados Unidos
_910986
902 _aGFM
942 _2lcc
_cB
999 _c3970
_d3970